Etats et villes du Brésil par indicatif - Statistiques

Statistiques générales
  • Ce quiz a été pris 16 fois
  • Le résultat moyen est 21 sur 95
Statistiques - réponses
Numéros d'indicatif Villes % Correct
21 Rio de Janeiro
100%
Rio de Janeiro
100%
11 Sao Paulo
94%
Sao Paulo
94%
61 Brasilia
69%
61 Brasilia
69%
94 Manaus
56%
85 Fortaleza
50%
51 Porto Alegre
50%
71 Salvador
50%
Amazonas
44%
31 Belo Horizonte
44%
Mato Grosso
44%
Mato Grosso do Sul
44%
Para
44%
Bahia
38%
91 Belem
38%
41 Curitiba
38%
Piaui
38%
81 Recife
38%
Rio Grande do Norte
38%
Rio Grande do Sul
38%
Acre
31%
Amapa
31%
Ceara
31%
48 Florianopolis
31%
Goias
31%
Maranhao
31%
Minas Gerais
31%
Parana
31%
Rondonia
31%
Sergipe
31%
27 Vitoria
31%
Alagoas
25%
19 Campinas
25%
67 Campo Grande
25%
97 Macapa
25%
84 Natal
25%
Roraima
25%
Santa Catarina
25%
Tocantins
25%
79 Aracaju
19%
District Federal
19%
Espirito Santo
19%
62 Goiania
19%
69 Porto Velho
19%
13 Santos
19%
49 Chapeco
13%
73 Ilhéus
13%
83 Joao Pessoa
13%
82 Maceio
13%
44 Maringa
13%
63 Palmas
13%
Paraiba
13%
Pernambuco
13%
68 Rio Branco
13%
86 Teresina
13%
34 Uberlândia
13%
96 Boa Vista
6%
22 Campos Dos Goytacazes
6%
65 Cuiaba
6%
75 Feira de Santana
6%
99 Imperatriz
6%
32 Juiz de Fora
6%
43 Londrina
6%
38 Montes Claros
6%
53 Pelotas
6%
24 Petropolis
6%
42 Ponta Grossa
6%
16 Ribeirao Preto
6%
55 Santa Maria
6%
92 Santarem
6%
17 Sao Jose Do Rio Preto
6%
12 Sao Jose Dos Campos
6%
77 Vitoria da Conquista
6%
14 Bauru
0%
28 Cachoeiro de Itapemirim
0%
54 Caxias do Sul
0%
95 Coari
0%
37 Divinopolis
0%
45 Foz de Iguaçu
0%
46 Francisco Beltrao
0%
33 Governador Valadares
0%
47 Joinville
0%
74 Juazeiro
0%
88 Juazeiro do Norte
0%
93 Maraba
0%
87 Petrolina
0%
89 Picos
0%
35 Poços de Calas
0%
18 Presidente Prudente
0%
64 Rio Verde
0%
66 Rondonopolis
0%
98 Sao Luiz
0%
15 Sorocaba
0%
Aucun quiz correspondant
Distribution des résultats
% des personnes avec chaque résultat
Percentile par nombre de réponses
Votre historique - résultats
Vous n’avez pas pris ce quiz